000 00594nam a2200193 i 4500
001 69459
003 ES-MaACL
005 20230906170527.0
007 t|
008 040706s1978 sp ||||1| spa d
100 1 _aGarcía Casanova, Juan Francisco.
_954350
245 1 3 _aLa filosofía hegeliana en la España del siglo XIX /
_cJuan Francisco García Casanova.
260 _aMadrid :
_bFundación Juan March,
_c[1978]
300 _a60 p. ;
_c21 cm.
490 1 _aSerie universitaria
830 0 _aSerie universitaria
_9180747
852 _aES-MaACL
_jA-9539
_bR.98506
999 _c69459
_d69459